000 00726nam a22002537a 4500
008 130825b xxu||||| |||| 00| 0 eng d
020 _a81-203-0086-6
037 _a268-70
_bbuy
_cavailable
040 _aMBSTU Library
_dMBSTU Library
082 _222
_a515.1 WIA
100 _aWidder, David V
110 _a
245 _aAdvanced Calculas
260 _aNew Delhi
_bHall of India Pvt.Ltd.
_c2002
300 _a22.5 cm
_b520 page
_f3
_g22.5 cm
600 _aMathmatics
610 _aAnalytical Calculas
700 _aWidder, David V
710 _a
270 _aNew Delhi
_bNew Delhi
_dIndia
365 _b150.00
_d150.00
942 _2ddc
_cBK
999 _c611
_d611